| 000 | 01066nam a2200289Ia 4500 | ||
|---|---|---|---|
| 001 | ebr10057590 | ||
| 003 | CaPaEBR | ||
| 006 | m u | ||
| 007 | cr cn||||||||| | ||
| 008 | 810601s1980 enka sb 001 0 eng d | ||
| 020 | _z0203474848 | ||
| 020 | _z0419115404 | ||
| 040 |
_aCaPaEBR _cCaPaEBR |
||
| 035 | _a(OCoLC)647374159 | ||
| 050 | 1 | 4 |
_aNX770.G7 _bP5 1980eb |
| 100 | 1 | _aPick, John. | |
| 245 | 1 | 0 |
_aArts administration _h[electronic resource] / _cJohn Pick. |
| 260 |
_aLondon : _bE. & F.N. Spon, _c1980. |
||
| 300 |
_aviii, 179 p. : _bill. |
||
| 504 | _aIncludes bibliography and index. | ||
| 533 |
_aElectronic reproduction. _bPalo Alto, Calif. : _cebrary, _d2009. _nAvailable via World Wide Web. _nAccess may be limited to ebrary affiliated libraries. |
||
| 650 | 0 |
_aArts _zGreat Britain _xManagement. |
|
| 650 | 0 |
_aHumanities _zGreat Britain. |
|
| 655 | 7 |
_aElectronic books. _2local |
|
| 710 | 2 | _aebrary, Inc. | |
| 856 | 4 | 0 |
_uhttp://site.ebrary.com/lib/rucke/Doc?id=10057590 _zAn electronic book accessible through the World Wide Web; click to view |
| 999 |
_c72778 _d72778 |
||